| 000 | 00694nam a2200181Ia 4500 | ||
|---|---|---|---|
| 008 | 090630s9999 xx 000 0 und d | ||
| 082 | _b18040 | ||
| 100 | _aकवठेकर दत्त रघुनाथ. | ||
| 245 |
_aआभाळाची सावली. _cकवठेकर दत्त रघुनाथ. |
||
| 260 |
_bमनोरमा - मुंबई. _c2001 |
||
| 300 | _a396 | ||
| 600 | _aकवठेकर दत्त रघुनाथ. | ||
| 630 | _aआभाळाची सावली. | ||
| 655 | _aकादंबरी. | ||
| 700 | _aकवठेकर दत्त रघुनाथ. | ||
| 730 | _aआभाळाची सावली. | ||
| 942 | _cBOOK | ||
| 999 |
_c269896 _d269896 |
||